000 00413nam a2200181Ia 4500
001 408
005 20260306140515.0
008 260306t2007||||xx |||||||||||||| ||spa||
041 _aESP
082 _a110
_bR31
100 _aReale, Giovanni
_eAUT
245 0 _aIntroducción a Aristóteles
260 _c2007
300 _a209 páginas :
_c22 cm.
650 _aGEN
654 _aCHU
942 _cLIB
_dJUS
_fJUS
_2ddc
_n
999 _c408
_d408